Nenne alle Länder im Einzugsgebiet der Donau - Statistiken

Allgemein
  • Dieses Quiz wurde 206 mal gespielt
  • Das Durchschnittsergebnis liegt bei 18 aus 20
Antwortstatistiken
Anteil am Einzugsgebiet Land % Korrekt
7,3% Deutschland
99%
9,9% Österreich
97%
11,4% Ungarn
97%
5,9% Slowakei
96%
2,2% Slowenien
94%
3,0% Tschechien
94%
9,5% Serbien
93%
4,3% Kroatien
92%
28,4% Rumänien
92%
5,9% Bulgarien
91%
4,0% Ukraine
89%
4,7% Bosnien und Herzegowina
87%
1,5% Moldawien
86%
0,7% Kosovo
85%
0,2% Schweiz
84%
0,9% Montenegro
83%
<0,1% Nordmazedonien
82%
<0,1% Polen
80%
<0,1% Albanien
79%
<0,1% Italien
77%
Keine übereinstimmenden Quizze gefunden
Verteilung der Resultate
Anzahl Personen mit jedem Resultat
Perzentil nach korrekt beantworteten Fragen
Ihre Resultats-Entwicklung
Sie haben dieses Quiz noch nicht gespielt